La sustraccin̤ internacional de menores desde una perspectiva multidisciplinar

Detalles Bibliográficos
Autor principal: Monge Fernǹdez, Antonia
Formato: eBook
Lenguaje:español
Publicado: Barcelona: J.M. Bosch Editor, 2019
Materias:
Acceso en línea:Acceso restringido

MARC

LEADER 00000nam a22000007a 4500
005 20190402223815.0
007 cr|||| ||||
008 190402s2019 es |||||s|||| 00||0 spa d
020 |a 978-84-949775-9-6 
035 |a 23236 
040 |a vLex 
090 |c 8545  |d 8545 
100 1 |a Monge Fernǹdez, Antonia 
245 1 2 |a La sustraccin̤ internacional de menores desde una perspectiva multidisciplinar  |h [Recurso electrn̤ico] /  |c Antonia Monge Fernǹdez 
256 |a Servicio en ln̕ea 
260 |a Barcelona:  |b J.M. Bosch Editor,  |c 2019 
300 |a 1 recurso electrn̤ico 
506 1 |a Disponible solo en los productos indicados  |d vLex Global  |d vLex Global (Academic Edition, excluding Law Schools)  |d vLex Global (U.S. Academic Edition, Law Schools)  |d vLex Global (U.S. Academic Edition, excluding Law Schools)  |d vLex Global (Academic Edition, Law Schools) 
650 0 4 |a Derecho Internacional  |z Espaą 
650 0 4 |a Derecho Penal  |z Espaą 
740 0 |a vLex Libros (Servicio en ln̕ea) 
856 4 0 |u http://vlex.com/source/sustraccion-internacional-menores-perspectiva-multidisciplinar-23236  |z Acceso restringido 
942 |c BOOK 
999 0 |a International Law 
999 0 |a Criminal Law